000 00875nam a2200301Ia 4500
001 A0660
003 IT-RoPAU
008 130308s9999 xx 000 0 und d
040 _aIT-RoPAU
040 _cIT-RoPAU
041 _aITALIANO
100 _aToti Gianni
100 _gCodice Aut. SPICS: 654
245 _aImmaginificanti e immaginificati-Pensiero elettronico e poematica
245 _bMetamorfosi della Visione-Saggi di pensiero Elettronico
250 _a1a ed.
260 _aPISA
260 _bEts Editrice
260 _c1988 [1° Ed.:1988 - Ed.Ling.Originale:1988]
300 _a"7 p. (prefazione: no ; testo: 7 [pagine: 87-93])"
500 _aAppunti En poete per una Poeteorica dei Modelli Imagopoietici.
650 _aSAGGI SUL CINEMA
650 _eCodice materia Spics: 6811
942 _cBK
957 _71
999 _c55412
_d55412
999 _bSI
999 _g1